000 00347nam a2200145Ia 4500
008 191201s2010 xx 000 0 und d
082 _a530
_bTAM
100 _aTaneja, S P
245 0 _aModern Physics for Engineers
250 _a5th Rev.
260 _aN.Delhi
_bR Chand and Co
_c2010
300 _aMISC
650 _aApplied
942 _2ddc
_cBK
_06
999 _c3543
_d3543